ბათუმის შოთა რუსთაველის სახელმწიფო უნივერსიტეტის ბიბლიოთეკა

დიდოსტატის კონსტანტინეს მარჯვენა : (ბიბ.ჩანაწერი № 59252)

000 -ლიდერი
ფიქსირებული სიგრძის საკონტროლო ველი 01130nam a22002057a 4500
003 - საკონტროლო ნომრის იდენტიფიკატორი
საკონტროლო ველი Ge_BSU
005 - ბოლო ოპერაციის თარიღი და დრო
საკონტროლო ველი 20221223161156.0
008 - ფიქსირებული სიგრძის მონაცემთა ელემენტები - ზოგადი ინფორმაცია
ფიქსირებული სიგრძის საკონტროლო ველი 221223s1984ge xxu||||| |||| 00| 0 geo d
041 ## - ენის კოდი
Language code of text/sound track or separate title geo
080 ## - უნივერსალური ათობითი კლასიფიკაციის ინდექსი
Universal Decimal Classification number 821.353.1-311.6 გ-19
100 ## - მთავარი ჩანაწერი - პიროვნების სახელი
Personal name გამსახურდია, კონსტანტინე, 1893-1975, ავტორი
9 (RLIN) 16553
245 ## - ცნობა სათაურის შესახებ
Title დიდოსტატის კონსტანტინეს მარჯვენა :
Remainder of title რაინდული რომანი /
Statement of responsibility, etc კონსტანტინე გამსახურდია, რედ. ნ.სუხიტაშვილი
264 ## - წარმოების, გამოცემის, დისტრიბუციის და სხვა ცნობები
გამოცემის, წარმოების, დისტრიბუციის... ადგილი თბილისი :
გამოცემის, წარმოების, დისტრიბუციის... სახელწოდება განათლება,
გამოცემის, წარმოების, დისტრიბუციის... თარიღი 1984.
300 ## - ფიზიკური აღწერა
Extent 381 გვ. :
Other physical details პორტრ., ილ. ;
Dimensions 22 სმ.
440 ## - სერიის ცნობა / დამატებულია ჩანაწერი - სათაური
Title სასკოლო ბიბლიოთეკა
9 (RLIN) 7624
653 ## - INDEX TERM--UNCONTROLLED
Uncontrolled term დიდოსტატის კონსტანტინეს მარჯვენა :
653 ## - INDEX TERM--UNCONTROLLED
Uncontrolled term რაინდული რომანი
700 ## - ADDED ENTRY--PERSONAL NAME
Personal name სუხიტაშვილი, ნ
Relator term რედაქტორი
9 (RLIN) 16554
942 ## - ADDED ENTRY ELEMENTS (KOHA)
Source of classification or shelving scheme
Koha item type წიგნი
ეგზემპლარები
ჩამოწერის სტატუსი დაკარგული ეგზემპლარის სტატუსი კლასიფიკაციის წყარო ან თაროზე გაწყობის სქემა დაზიანების სტატუსი არ გაიცემა მუდმივი მდებარეობა (დაცვის ადგილი) ამჟამინდელი ადგილსამყოფელი თაროზე განთავსების ადგილი შეძენის თარიღი ღირებულება, შესყიდვის ნორმალური ფასი სრული შენახვის შიფრი შტრიხკოდი ბოლო ოპერაციის თარიღი ეგზემპლარის მიმდევრობითი ნომერი (კეტერი?) ფასის ძალაში შესვლის თარიღი ეგზემპლარის სახეობა საჯარო შენიშვნა
          ბათუმის შოთა რუსთაველის სახელმწიფო უნივერსიტეტის მთავარი ბიბლიოთეკა ბათუმის შოთა რუსთაველის სახელმწიფო უნივერსიტეტის მთავარი ბიბლიოთეკა წიგნსაცავი 2022-12-23 8.00 821.353.1-311.6 გ-19 63378 2022-12-23 63378 2022-12-23 წიგნი 8.00